| 000 | 00438 a2200157 4500 | ||
|---|---|---|---|
| 001 | 66199 | ||
| 082 | _a539.20015118 MBI | ||
| 090 |
_c38488 _d38488 |
||
| 100 | _aMblock, Aristide | ||
| 245 | _aRadiation in enclosures : elliptic boundary value problems | ||
| 250 | _a1 | ||
| 260 |
_aBerlin _bSpringer _c1999 |
||
| 300 | _axiii, 211 | ||
| 600 | _telliptic boundary value problems | ||
| 740 | _aelliptic boundary value problems | ||
| 942 |
_aNUST-CAE _k539.20015118 MBI |
||
| 999 |
_c301272 _d301272 |
||